Investori potrebujú motív Slovensko
Zaostávanie Slovenska v príleve priamych zahraničných investícií za okolitými štátmi. Príčiny tejto situácie. Záujem niektorých zahraničných firiem o investovanie na Slovensku. Slovenská národná agentúra pre zahraničné investície a rozvoj (SNAZIR). Poradenská služba pre zahraničné investície (FIAS)...
Saved in:
| Main Author: | |
|---|---|
| Format: | Book Chapter |
| Language: | Czech |
| Subjects: | |
| Tags: |
No Tags, Be the first to tag this record!
|
MARC
| LEADER | 00000naa a2200000 4500 | ||
|---|---|---|---|
| 001 | r015205 | ||
| 005 | 20221205085942.9 | ||
| 041 | 0 | |a cze | |
| 044 | |a CZ | ||
| 245 | 1 | 0 | |a Investori potrebujú motív |b Slovensko |c M. Zábojníková |
| 520 | |a Zaostávanie Slovenska v príleve priamych zahraničných investícií za okolitými štátmi. Príčiny tejto situácie. Záujem niektorých zahraničných firiem o investovanie na Slovensku. Slovenská národná agentúra pre zahraničné investície a rozvoj (SNAZIR). Poradenská služba pre zahraničné investície (FIAS) vypracovala, na požiadanie vlády SR, štúdiu zaoberajúcu sa prostredím pre priame zahraničné investície na Slovensku - hlavné doporučenia vláde. | ||
| 610 | 2 | 0 | |a investície zahraničné |
| 610 | 2 | 0 | |a Slovensko |
| 610 | 2 | 0 | |a motivácia |
| 100 | 1 | |a Zábojníková, M. | |